Ecumenism and interreligious dialogue : (Record no. 118476)
[ view plain ]
| 000 -LEADER | |
|---|---|
| fixed length control field | 01446cam a2200325 a 4500 |
| 001 - CONTROL NUMBER | |
| control field | 13892113 |
| 003 - CONTROL NUMBER IDENTIFIER | |
| control field | ARRUPE |
| 005 - DATE AND TIME OF LATEST TRANSACTION | |
| control field | 20141021020008.0 |
| 008 - FIXED-LENGTH DATA ELEMENTS--GENERAL INFORMATION | |
| fixed length control field | 050308s2005 nyu b 001 0 eng |
| 010 ## - LIBRARY OF CONGRESS CONTROL NUMBER | |
| LC control number | 2005006702 |
| 020 ## - INTERNATIONAL STANDARD BOOK NUMBER | |
| International Standard Book Number | 0809143380 (alk. paper) |
| 040 ## - CATALOGING SOURCE | |
| Original cataloging agency | DLC |
| Transcribing agency | DLC |
| Modifying agency | DLC |
| 042 ## - AUTHENTICATION CODE | |
| Authentication code | pcc |
| 050 00 - LIBRARY OF CONGRESS CALL NUMBER | |
| Classification number | BX1784 |
| Item number | .C35 2005 |
| 082 00 - DEWEY DECIMAL CLASSIFICATION NUMBER | |
| Classification number | 261.2 |
| Edition number | 22 |
| 300 ## - PHYSICAL DESCRIPTION | |
| Dimensions | 23 cm. |
| 100 1# - MAIN ENTRY--PERSONAL NAME | |
| Personal name | Cassidy, Edward Idris. |
| 9 (RLIN) | 3067 |
| 245 10 - TITLE STATEMENT | |
| Title | Ecumenism and interreligious dialogue : |
| Remainder of title | Unitatis redintegratio, Nostra aetate / |
| Statement of responsibility, etc | Edward Idris Cassidy. |
| 260 ## - PUBLICATION, DISTRIBUTION, ETC. (IMPRINT) | |
| Place of publication, distribution, etc | New York : |
| Name of publisher, distributor, etc | Paulist Press, |
| Date of publication, distribution, etc | c2005. |
| 300 ## - PHYSICAL DESCRIPTION | |
| Extent | x, 293 p. ; |
| 440 #0 - SERIES STATEMENT/ADDED ENTRY--TITLE | |
| Title | Rediscovering Vatican II |
| 9 (RLIN) | 3068 |
| 504 ## - BIBLIOGRAPHY, ETC. NOTE | |
| Bibliography, etc | Includes bibliographical references (p. 279-284) and index. |
| 610 20 - SUBJECT ADDED ENTRY--CORPORATE NAME | |
| Corporate name or jurisdiction name as entry element | Catholic Church |
| General subdivision | Relations. |
| 9 (RLIN) | 3069 |
| 611 20 - SUBJECT ADDED ENTRY--MEETING NAME | |
| Meeting name or jurisdiction name as entry element | Vatican Council |
| Number of part/section/meeting | (2nd : |
| Date of meeting | 1962-1965 : |
| Location of meeting | Basilica di San Pietro in Vaticano). |
| Title of a work | Decretum de oecumenismo. |
| 9 (RLIN) | 3070 |
| 611 20 - SUBJECT ADDED ENTRY--MEETING NAME | |
| Meeting name or jurisdiction name as entry element | Vatican Council |
| Number of part/section/meeting | (2nd : |
| Date of meeting | 1962-1965 : |
| Location of meeting | Basilica di San Pietro in Vaticano). |
| Title of a work | Declaratio de ecclesiae habitudine ad religiones non-Christianas. |
| 9 (RLIN) | 3071 |
| 650 #0 - SUBJECT ADDED ENTRY--TOPICAL TERM | |
| Topical term or geographic name as entry element | Christian union |
| General subdivision | Catholic Church. |
| 9 (RLIN) | 3072 |
| 856 41 - ELECTRONIC LOCATION AND ACCESS | |
| Materials specified | Table of contents |
| Uniform Resource Identifier | <a href="http://www.loc.gov/catdir/toc/ecip059/2005006702.html">http://www.loc.gov/catdir/toc/ecip059/2005006702.html</a> |
| 906 ## - LOCAL DATA ELEMENT F, LDF (RLIN) | |
| a | 7 |
| b | cbc |
| c | orignew |
| d | 1 |
| e | ecip |
| f | 20 |
| g | y-gencatlg |
| 942 ## - ADDED ENTRY ELEMENTS (KOHA) | |
| Source of classification or shelving scheme | Library of Congress Classification |
| Koha item type | Monograph ( Printed materials) |
| Koha issues (borrowed), all copies | 2 |
| Withdrawn status | Lost status | Source of classification or shelving scheme | Damaged status | Not for loan | Collection code | Home library | Current library | Shelving location | Date acquired | Total Checkouts | Full call number | Barcode | Date last seen | Date checked out | Price effective from | Koha item type |
|---|---|---|---|---|---|---|---|---|---|---|---|---|---|---|---|---|
| Library of Congress Classification | Main Collection | ARRUPE LIBRARY | ARRUPE LIBRARY | Main Collection | 28/10/2013 | 5 | BX1784 .C35 2005 | 46411150 | 22/11/2017 | 14/10/2016 | 28/10/2013 | Monograph ( Printed materials) |